Roles que desempeña el contador público en la actualidad en las empresas de la ciudad de Cartagena / (Registro nro. 5782)

Detalles MARC
000 -LEADER
fixed length control field 01789nam a2200229 4500
005 - DATE AND TIME OF LATEST TRANSACTION
control field 20250329165506.0
008 - FIXED-LENGTH DATA ELEMENTS--GENERAL INFORMATION
fixed length control field 190415s2020 000 0 eng d
040 ## - CATALOGING SOURCE
Original cataloging agency CO-CtgCURN
Language of cataloging spa
Transcribing agency coctgcurn
082 0# - DEWEY DECIMAL CLASSIFICATION NUMBER
Classification number TCS 2020
Item number B428
100 1# - MAIN ENTRY--PERSONAL NAME
Personal name Beleño Martínez, Juan David.
245 10 - TITLE STATEMENT
Title Roles que desempeña el contador público en la actualidad en las empresas de la ciudad de Cartagena /
Statement of responsibility, etc. Juan David Beleño Martinez; Pablo Andres Insignare Ruíz; Asesor: Miguel Guerrero.
260 ## - PUBLICATION, DISTRIBUTION, ETC.
Place of publication, distribution, etc. Cartagena de Indias :
Name of publisher, distributor, etc. Corporación Universitaria Rafael Nuñez,
Date of publication, distribution, etc. 2020.
300 ## - PHYSICAL DESCRIPTION
Extent 22 hojas.
504 ## - BIBLIOGRAPHY, ETC. NOTE
Bibliography, etc. note Trabajo de grado (Contabilidad sistematizada).Corporación Universitaria Rafael Nuñez. Facultad de Ciencias contables y administrativas.contabilidad Sistematizada. 2020.
520 ## - SUMMARY, ETC.
Summary, etc. "El siguiente trabajo se lleva acabo con el fin de saber cuál es ese papel fundamental que juega el contador público en la gerencia moderna en las empresas de la ciudad de Cartagena de Indias, como bien sabemos en la actualidad las organizaciones son muy dinámicas, y el tomar decisiones estratégicas implica un alto nivel de riesgo dentro de la sociedad, es aquí donde se presenta la oportunidad al contador de desempeñarse como asesor estratégico dentro de las organizaciones con la posibilidad de poder contrarrestar ese riesgo."
650 #0 - SUBJECT ADDED ENTRY--TOPICAL TERM
Topical term or geographic name entry element Contabilidad sistematizada
Form subdivision Tesis y disertaciones academicas.
700 1# - ADDED ENTRY--PERSONAL NAME
Personal name Insignare Ruíz, Pablo Andres.
700 1# - ADDED ENTRY--PERSONAL NAME
Personal name Guerrero, Miguel,
Relator term asesor.
856 7# - ELECTRONIC LOCATION AND ACCESS
Uniform Resource Identifier <a href="https://unicurn.sharepoint.com/:b:/s/biblioteca/ESjgzeqJdHJFgpK1RXgwNc8BLzNjoJiZ6uU1Bme0wAgBwQ?e=XQiVSU">https://unicurn.sharepoint.com/:b:/s/biblioteca/ESjgzeqJdHJFgpK1RXgwNc8BLzNjoJiZ6uU1Bme0wAgBwQ?e=XQiVSU</a>
Public note Click aqui para ver el recurso en texto completo
942 ## - ADDED ENTRY ELEMENTS (KOHA)
Source of classification or shelving scheme Dewey Decimal Classification
Koha item type Trabajos de grado
Institution code [OBSOLETE] MHC
-- MHC
Classification part TCS 2020
Item part B428
Existencias
Withdrawn status Lost status Source of classification or shelving scheme Damaged status Not for loan Collection Home library Current library Shelving location Date acquired Source of acquisition Cost, normal purchase price Inventory number Total checkouts Full call number Barcode Date last seen Price effective from Koha item type
    Dewey Decimal Classification     Trabajos de grado Miguel Henríquez Castañeda Miguel Henríquez Castañeda Trabajo de grado 01/28/2020 El autor 35000.00 023284   TCS 2020 B428 023284 01/28/2020 01/28/2020 Trabajos de grado